000 00684cam a2200193 4500
001 4562564
005 20250604094828.0
008 701130s1970 pau b 000 0 eng
050 0 0 _aBV4012
_b.O225
082 0 0 _a253
100 1 _aOates, Wayne E.
_q(Wayne Edward),
_d1917-1999.
245 1 0 _aNew dimensions in pastoral care,
_cby Wayne E. Oates.
260 _aPhiladelphia,
_bFortress Press
_c[1970]
300 _a86 p.
_c19 cm.
500 _aBased on lectures originally presented by the author as the Zimmerman lectures at the Lutheran Theological Seminary, Gettysburg, Pa., May 1-2, 1968.
650 0 _aPastoral psychology.
650 0 _aClergy
_xPsychology.
942 _2lcc
_cBK
_n0
999 _c6244
_d6244